Longs Métrages d'animation par extraits en 20 clics #7 - Statistiques

Statistiques générales
  • Ce quiz a été pris 81 fois
  • Le résultat moyen est 17 sur 20
Statistiques - réponses
Hint Réponse % Correct
La Légende de Tarzan & Jane
96%
Les Aventures de Porcinet
96%
Planes
96%
Spirit, l'étalon des plaines
96%
Atlantide, l'empire perdu
93%
Les Mondes de Ralph
93%
Rebelle
93%
Chicken Little
92%
Chicken Run
92%
Coraline
90%
Rango
89%
Astro Boy
88%
Les Rebelles de la forêt
81%
Bienvenue chez les Robinson
79%
La Légende de Manolo
77%
Planète 51
77%
Charlie, mon héros
71%
Mission-G
70%
Horton
68%
Igor
60%
Aucun quiz correspondant
Distribution des résultats
% des personnes avec chaque résultat
Percentile par nombre de réponses
Votre historique - résultats
Vous n’avez pas pris ce quiz